Premier League English Goalscorers - Statistics

General Stats
  • This quiz has been taken 66 times
  • The average score is 9 of 15
Answer Stats
Goals Name % Correct
213 Kane
97%
260 Shearer
94%
208 Rooney
88%
187 Cole
79%
177 Lampard
76%
120 Gerrard
73%
163 Fowler
70%
150 Owen
67%
146 Sheringham
58%
162 Defoe
52%
113 Wright
52%
120 Sterling
45%
136 Vardy
42%
149 Ferdinand
30%
111 Dublin
24%
No matching quizzes found
Score Distribution
Percent of People with Each Score
Percentile by Number Answered
Your Score History
You have not taken this quiz